Planificación y programación del proyecto Río Blanco-Siuna (47.5 Km)
Contiene información y recomendaciones relativas a la Construcción de un tramo de carretera no pavimentada de 47.5 km de longitud, ubicada entre el poblado de Río Blanco y Siuna.
| Main Authors: | , , |
|---|---|
| Other Authors: | |
| Format: | Tesis Section = Libro |
| Language: | Undetermined Spanish |
| Published: |
Managua
UNI
1979
|
| Subjects: |
| LEADER | 00959nam a2200253Ia 4500 | ||
|---|---|---|---|
| 008 | 240830s9999 xx 000 0 und d | ||
| 040 | |a BIBLIOTECA-RUSB/ Mon 625.7 G633 | ||
| 041 | |a spa | ||
| 082 | |a Mon 625.7 G633 | ||
| 100 | 1 | |a Gómez Fonseca, Héctor Iván | |
| 100 | 1 | |b Aragón López, Norma Elena | |
| 100 | 1 | |c Niño González, Ángela RosaI | |
| 245 | 1 | 0 | |a Planificación y programación del proyecto Río Blanco-Siuna (47.5 Km) |
| 260 | |a Managua |b UNI |c 1979 | ||
| 300 | |a 111 p. :il. | ||
| 502 | |a Tesis (Ingeniero Civil) - UNI, 1979. | ||
| 520 | 3 | |a Contiene información y recomendaciones relativas a la Construcción de un tramo de carretera no pavimentada de 47.5 km de longitud, ubicada entre el poblado de Río Blanco y Siuna. | |
| 650 | 7 | |a CAMINOS Y CARRETERAS | |
| 650 | 7 | |b CARRETERAS-CONSTRUCCION | |
| 650 | 7 | |c INGENIERIA CIVIL | |
| 700 | 1 | |a Tutor: |b Araica Salas, Roberto | |
| 942 | |c BK |2 ddc | ||
| 991 | |a TESIS | ||
| 999 | |c 20383 | ||